00634nam a22002057a 450000500170000001000130001702000220003003500130005203700160006504000120008108200180009310000170011124501010012826000450022927000390027430000260031350000510033965000220039065000160041220170124110043.0 aA-702140 c00.00a8124600252 aA-702140 bCen Lib/Ret aDPLbEN a792.0934bGUP aGupt, Bharat aDramatic concept Greek & Indian :cby Bharat Guptba study of the poetics and the natyasastra / aNew DelhibD.K. Printworld (P) Ltdc1994 aH-12,Bali NagarbNew Delhie110015 axiii, 295p.c22cm(Hb) aIncludes bibliographical references and index. aDramatic concept  aIndia-Greek